000 00403nam a2200145 4500
001 137888
003 ES-MaACL
005 20230906195448.0
007 t|
008 070214s1907 ve r ||||1| spa d
100 1 _aSaluzzo, Marco Antonio.
_9102052
245 1 0 _aEsbozos y versiones /
_cMarco Antonio Saluzzo.
260 _aCaracas :
_b[s. n.],
_c1907 (
_fTip. Herrera)
852 _aES-MaACL
_jT-1185-F-6
999 _c137888
_d137888